American poetry / (Record no. 1598)

MARC details
000 -LEADER
fixed length control field 01081cam a2200313 a 4500
005 - DATE AND TIME OF LATEST TRANSACTION
control field 20250113112126.0
020 ## - INTERNATIONAL STANDARD BOOK NUMBER
International Standard Book Number 9780439721257
040 ## - CATALOGING SOURCE
Original cataloging agency DLC
Transcribing agency DLC
Modifying agency DLC
Language of cataloging eng
050 00 - LIBRARY OF CONGRESS CALL NUMBER
Classification number PS586.A46
082 00 - DEWEY DECIMAL CLASSIFICATION NUMBER
Classification number 811.00809282
100 ## - MAIN ENTRY--PERSONAL NAME
Personal name Hollander, John
245 00 - TITLE STATEMENT
Title American poetry /
Statement of responsibility, etc. Edited by John Hollander ; Illustrated by Sally Wern Comport
250 ## - EDITION STATEMENT
Edition statement First Scholastic printing, November 2004
260 ## - PUBLICATION, DISTRIBUTION, ETC.
Place of publication, distribution, etc. New York :
Name of publisher, distributor, etc. Scholastic,
Date of publication, distribution, etc. 2004
300 ## - PHYSICAL DESCRIPTION
Extent 30 unnumbered pages :
Other physical details color illustrations ;
Dimensions 26 cm
490 ## - SERIES STATEMENT
Series statement Poetry for young people
500 ## - GENERAL NOTE
General note Includes index.
505 ## - FORMATTED CONTENTS NOTE
Formatted contents note Z <br/>
520 ## - SUMMARY, ETC.
Summary, etc. Contains a collection of poetry that spans two centuries and provides a diverse point of view of American life.
521 ## - TARGET AUDIENCE NOTE
Target audience note 1100 <br/>
Source Lexile <br/>
521 ## - TARGET AUDIENCE NOTE
Target audience note Z <br/>
Source Raz-Plus <br/>
650 #0 - SUBJECT ADDED ENTRY--TOPICAL TERM
Topical term or geographic name entry element Children's poetry, American.
650 #0 - SUBJECT ADDED ENTRY--TOPICAL TERM
Topical term or geographic name entry element Young adult poetry, American.
650 #1 - SUBJECT ADDED ENTRY--TOPICAL TERM
Topical term or geographic name entry element American poetry
Form subdivision Collections.
700 1# - ADDED ENTRY--PERSONAL NAME
Personal name Comport, Sally Wern
Relator term illustrator
906 ## - LOCAL DATA ELEMENT F, LDF (RLIN)
a 7
b cbc
c orignew
d 1
e ecip
f 20
g y-gencatlg
942 ## - ADDED ENTRY ELEMENTS (KOHA)
Source of classification or shelving scheme Dewey Decimal Classification
Koha item type Books
Suppress in OPAC No
999 ## -
-- 1598
-- 1598
Holdings
Withdrawn status Lost status Source of classification or shelving scheme Damaged status Not for loan Collection Home library Current library Shelving location Date acquired Total Checkouts Full call number Barcode Date last seen Copy number Price effective from Koha item type
    Dewey Decimal Classification     Fiction Footprints International School Library Network Toul Kork Campus Footprints International School Library Network Toul Kork Campus TTP Secondary Fiction Bookshelves 09/08/2023   HOL 811.00809282 PS586.A46 FIS01587 09/08/2023 1 09/08/2023 Books
    Dewey Decimal Classification     Fiction Footprints International School Library Network Toul Kork Campus Footprints International School Library Network Toul Kork Campus TTP Secondary Fiction Bookshelves 09/08/2023   HOL 811.00809282 PS586.A46 FISSE02169 01/13/2025 2 09/08/2023 Books